Real People in Musicals Quiz Stats

 Plays Quiz Updated Jan 14, 2019

     
Support Sporcle.
Go Orange.
Score 0/18 Timer 03:00
0 Plays Today
% Correct
Annie Get Your Gun
92.1%
The Sound of Music
91.3%
Evita
88.7%
Jersey Boys
83%
Assassins
80.9%
Catch Me If You Can
76.8%
Finding Neverland
75.4%
Funny Girl
72.5%
Sunday in the Park with George
63.6%
% Correct
Beautiful
61.9%
Mrs Henderson Presents
55%
Hamilton
53.7%
Gypsy
46.6%
Grey Gardens
37.5%
War Paint
33.6%
Fun Home
31.8%
Come From Away
29.3%
Side Show
24.8%

From the Vault

Products That End in A

by MSUKent

It's actually not very alphabetically advantageous to end your name with an A.
Remove Ads.
Support Sporcle.
Get the best of Sporcle when you Go Orange. This ad-free experience offers more features, more stats, and more fun while also helping to support Sporcle. Thank you for becoming a member.

Show Comments

Extras

Top Quizzes Today


Score Distribution

Your Account Isn't Verified!

In order to create a playlist on Sporcle, you need to verify the email address you used during registration. Go to your Sporcle Settings to finish the process.

Report this User

Report this user for behavior that violates our Community Guidelines.

Details: